Pattern recognition in practice proceeding of an International Workshop held in Amsterdam, May 21-23, 1980

Gespeichert in:
Bibliographische Detailangaben
Weitere Verfasser: Kanal, Laveen N.
Format: Buch
Sprache:Englisch
Veröffentlicht: Amsterdam North-Holland Publishing Company 1980
Tags: Tag hinzufügen
Keine Tags, Fügen Sie das erste Tag hinzu!

MARC

LEADER 00000nam a2200000 4500
001 c131798
005 20041019155253.4
041 0 |a eng 
044 |a NL 
245 1 0 |a Pattern recognition in practice  |b proceeding of an International Workshop held in Amsterdam, May 21-23, 1980  |c Ed. by Laveen N. Kanal 
264 1 |a Amsterdam  |b North-Holland Publishing Company  |c 1980 
300 |a 552 s. 
700 1 |a Kanal, Laveen N.